<?xml version="1.0" encoding="UTF-8"?>
<record
    xmlns:xsi="http://www.w3.org/2001/XMLSchema-instance"
    xsi:schemaLocation="http://www.loc.gov/MARC21/slim http://www.loc.gov/standards/marcxml/schema/MARC21slim.xsd"
    xmlns="http://www.loc.gov/MARC21/slim">

  <leader>00778nam a2200169Ia 4500</leader>
  <controlfield tag="008">100122s9999    xx            000 0 und d</controlfield>
  <datafield tag="082" ind1=" " ind2=" ">
    <subfield code="b">61181</subfield>
    <subfield code="a">823</subfield>
  </datafield>
  <datafield tag="100" ind1=" " ind2=" ">
    <subfield code="a">&#x924;&#x94B;&#x930;&#x921;&#x92E;&#x932; &#x92E;&#x927;&#x941;&#x915;&#x930;</subfield>
  </datafield>
  <datafield tag="245" ind1=" " ind2=" ">
    <subfield code="a">&#x938;&#x92E;&#x91C; &#x906;&#x923;&#x93F; &#x909;&#x92E;&#x91C;</subfield>
  </datafield>
  <datafield tag="260" ind1=" " ind2=" ">
    <subfield code="b">&#x92A;&#x926;&#x94D;&#x92F;&#x917;&#x902;&#x927;&#x93E; &#x92A;&#x94D;&#x930;&#x915;&#x93E;&#x936;&#x928;</subfield>
    <subfield code="c">2002</subfield>
  </datafield>
  <datafield tag="300" ind1=" " ind2=" ">
    <subfield code="a">182</subfield>
  </datafield>
  <datafield tag="520" ind1=" " ind2=" ">
    <subfield code="a">&#x92A;&#x94D;&#x930;&#x93E;&#x907;&#x921; &#x905;&#x901;&#x921; &#x92A;&#x94D;&#x930;&#x947;&#x91C;&#x94D;&#x92F;&#x941;&#x921;&#x93F;&#x938; -&#x91C;&#x947;&#x928; &#x911;&#x938;&#x94D;&#x91F;&#x940;&#x928;  &#x91A;&#x947; &#x92E;&#x930;&#x93E;&#x920;&#x940; &#x938;&#x94D;&#x935;&#x948;&#x930; &#x930;&#x941;&#x92A;&#x93E;&#x902;&#x924;&#x930;</subfield>
  </datafield>
  <datafield tag="620" ind1=" " ind2=" ">
    <subfield code="a">&#x92A;&#x94D;&#x930;&#x93E;&#x907;&#x921; &#x905;&#x901;&#x921; &#x92A;&#x94D;&#x930;&#x947;&#x91C;&#x94D;&#x92F;&#x941;&#x921;&#x93F;&#x938; -&#x91C;&#x947;&#x928; &#x911;&#x938;&#x94D;&#x91F;&#x940;&#x928;  &#x91A;&#x947; &#x92E;&#x930;&#x93E;&#x920;&#x940; &#x938;&#x94D;&#x935;&#x948;&#x930; &#x930;&#x941;&#x92A;&#x93E;&#x902;&#x924;&#x930;</subfield>
  </datafield>
  <datafield tag="630" ind1=" " ind2=" ">
    <subfield code="a">&#x938;&#x92E;&#x91C; &#x906;&#x923;&#x93F; &#x909;&#x92E;&#x91C;</subfield>
  </datafield>
  <datafield tag="730" ind1=" " ind2=" ">
    <subfield code="a">&#x938;&#x92E;&#x91C; &#x906;&#x923;&#x93F; &#x909;&#x92E;&#x91C;</subfield>
  </datafield>
  <datafield tag="942" ind1=" " ind2=" ">
    <subfield code="c">BOOK</subfield>
  </datafield>
  <datafield tag="999" ind1=" " ind2=" ">
    <subfield code="c">436055</subfield>
    <subfield code="d">436052</subfield>
  </datafield>
  <datafield tag="952" ind1=" " ind2=" ">
    <subfield code="0">0</subfield>
    <subfield code="1">0</subfield>
    <subfield code="4">0</subfield>
    <subfield code="7">0</subfield>
    <subfield code="a">SVPPARLE</subfield>
    <subfield code="b">SVPPARLE</subfield>
    <subfield code="d">2002-06-22</subfield>
    <subfield code="g">140.00</subfield>
    <subfield code="l">0</subfield>
    <subfield code="o">61181</subfield>
    <subfield code="p">SVPPARLE-61181</subfield>
    <subfield code="r">2010-01-25 00:00:00</subfield>
    <subfield code="v">140.00</subfield>
    <subfield code="w">2010-01-25</subfield>
    <subfield code="y">BOOK</subfield>
    <subfield code="z">General NA</subfield>
  </datafield>
</record>
